| 000 | 01075nam a2200277 i 4500 | ||
|---|---|---|---|
| 001 | 105035 | ||
| 003 | ES-MaACL | ||
| 005 | 20250303063149.0 | ||
| 007 | t| | ||
| 008 | 060606s1966 sp ||||1| spa d | ||
| 080 | _a75 Acquaroni, Miguel (083.82) | ||
| 100 | 0 |
_aAcquaroni, Miguel, _d1916- _918328 |
|
| 245 | 1 | 0 |
_aMiguel Acquaroni _b: [exposición, Sala del Prado del Ateneo de Madrid, noviembre de 1966] / _c[Texto: Luis Rosales]. |
| 260 |
_a[Madrid] : _bPublicaciones Españolas, _c[1966] |
||
| 300 |
_a[12] p. : _bil. ; _c23 cm. |
||
| 490 | 1 |
_aCuadernos de arte. Serie divulgación ; _v59 |
|
| 600 | 0 | 4 |
_aAcquaroni, Miguel, _d1916- _918328 |
| 610 | 2 | 7 |
_aAteneo de Madrid- _vExposiciones- _y1960-1969. _91920 |
| 655 | 7 |
_2tgfbne _9193628 _aCatálogos de exposiciones |
|
| 700 | 1 |
_aRosales, Luis, _d1910-1992 _999644 |
|
| 710 | 2 |
_aAteneo de Madrid. _bSala del Prado. _91965 |
|
| 830 | 0 |
_aCuadernos de arte. Serie divulgación ; _v59 _9184876 |
|
| 852 |
_aES-MaACL _j2204-F-28 _9108967 _bR.137539 _cDEPOF |
||
| 942 |
_2udc _cFOLLETOS |
||
| 999 |
_c105035 _d105035 |
||